Normal view
MARC view
- Prasonna Chandra
Entry Personal Name
001 - CONTROL NUMBER
- control field: 2775
003 - CONTROL NUMBER IDENTIFIER
- control field: OSt
005 - DATE AND TIME OF LATEST TRANSACTION
- control field: 20191224204421.0
008 - FIXED-LENGTH DATA ELEMENTS
- fixed length control field: 191224|| aca||aabn | a|a d
040 ## - CATALOGING SOURCE
- Original cataloging agency: OSt
- Transcribing agency: OSt
100 ## - HEADING--PERSONAL NAME
- Personal name: Prasonna Chandra
670 ## - SOURCE DATA FOUND
- Source citation: Work cat.: (OSt)3110: Chandra, Prasonna 2773, Project Planning Analysis , Selection, Financing, Implementation and Review, 2006
